000 00679nam a2200217 i 4500
001 bgj
100 1 _aGUDE, Kathy
245 1 0 _aMatrix :
_bpre-intermediate student's book /
_cKathy Gude, Michael Duckworth ; with Danuta Gryca.
260 _aOxford :
_bOxford University Press,
_c2002.
300 _a151 pp :
_bill. ;
_c28 cm.
650 9 _aEnglish language
_xSecondary schools
_xPre-intermediate
655 _aTextbooks for foreigners
700 1 _aDUCKWORTH, Michael.
_eco-author
700 1 _aGRYCA, Danuta.
_eco-author
020 _a0194370178
040 _cBPK
041 0 _aeng
920 _a0-19-437017-8
942 _cKS
008 s uk f |000 0 eng
999 _c49080
_d49080